Bilecik Bilecik Bilecik Bilecik Bilecik

Ondokuzuncu yüzyılda Osmanlı imparatorluğu'nda tıp eğitimi ve Türk hekimleri/ (Record no. 6031)

MARC details
000 -BAŞLIK
Sabit Uzunluktaki Kontrol Alanı 01231nam a22003377a 4500
001 - KONTROL NUMARASI
Control Dosyası 0006050
003 - KONTROL NUMARASI KİMLİĞİ
Kontrol Alanı KOHA_MİRAKIL
005 - EN SON İŞLEM TARİHİ ve ZAMANI
Kontrol Alanı 20260207001509.0
007 - FİZİKSEL TANIM SABİT ALAN - GENEL BİLGİ
Sabit uzunluklu kontrol alanı ta
008 - SABİT UZUNLUKTAKİ VERİ ÖGELERİ - GENEL BİLGİ
Sabit Alan 090603b1997 tu |||gr||||#||||0|tur |
020 ## - ISBN - ULUSLARARASI STANDART KİTAP NUMARASI
Isbn 9751609658
Kullanılabilirlik koşulları 0,01
040 ## - KATALOGLAMA KAYNAĞI
Özgün Kataloglama Kurumu TR-BiSEU
Kataloglama Dili tur
Çeviri Kurumu TR-BiSEU
Açıklama Kuralları rda
041 0# - DİL KODU
Metin ya da ses kaydının dil kodu tur
044 ## - YAYINLAYAN/ÜRETEN KURULUŞUN ÜLKE KODU
ISO country code tu
050 ## - SINIFLAMA ve YER NUMARASI
Sınıflama Numarası R820.A6
Yer Numarası K34 1997
100 1# - KİŞİ ADI
Yazar Adı (Kişi adı) Kâhya, Esin.
245 1# - ESER ADI BİLDİRİMİ
Başlık Ondokuzuncu yüzyılda Osmanlı imparatorluğu'nda tıp eğitimi ve Türk hekimleri/
Sorumluluk Bildirimi Esin Kâhya ; Esin Kâhya; editör Songül Boybeyi.
264 #1 - ÜRERİM, YAYIN, DAĞITIM ve TELİF BİLDİRİMİ
Yayın yeri Ankara :
Yayınlayan Ayk Atatürk Kültür Merkezi Başkanlığı
Yayın tarihi 1997
300 ## - FİZİKSEL TANIMLAMA
Sayfa, Cilt vb. 58 sayfa; 20 cm.
336 ## - İÇERİK TÜRÜ
Content type term metin
Content type code txt
Source rdacontent
337 ## - MEDYA TÜRÜ
Media type term aracısız
Media type code n
Source rdamedia
338 ## - TAŞIYICI TÜRÜ
Carrier type term cilt
Carrier type code nc
Source rdacarrier
490 1# - DİZİ BİLDİRİMİ
Dizi Bildirimi Atatürk Yüksek Kurumu, Atatürk Kültür Merkezi yayını;144.
490 1# - DİZİ BİLDİRİMİ
Dizi Bildirimi Türk kültüründen görüntüler dizisi;34.
500 ## - GENEL NOT
Genel Not Dizin var.
650 #0 - KONU BAŞLIĞI EK GİRİŞ - KONU TERİMİ
Konusal terim veya coğrafi ad Medical education--Turkey-- History.
9 (RLIN) 14839
650 #0 - KONU BAŞLIĞI EK GİRİŞ - KONU TERİMİ
Konusal terim veya coğrafi ad Physicians--Turkey-- Biography.
9 (RLIN) 14512
830 1# - SERİ EK GİRİŞİ - TEKBİÇİM ESER ADI
Tekbiçim Başlık Atatürk Yüksek Kurumu, Atatürk Kültür Merkezi yayını;144.
9 (RLIN) 14840
830 1# - SERİ EK GİRİŞİ - TEKBİÇİM ESER ADI
Tekbiçim Başlık Türk kültüründen görüntüler dizisi;34.
9 (RLIN) 14841
942 ## - EK GİRİŞ ÖGELERİ (KOHA)
Source of classification or shelving scheme Library of Congress Classification
Koha item type Book
Holdings
Materyal Türü Kalıcı Konum Mevcut Konum Raf Yeri Sınıflandırma Kaynağı Edinim Bilgisi Ana Konular Alt Konular Yer Numarası Demirbaş Numarası Fatura Tarihi Geri Çekilme Durumu Kayıp Durumu Hasarlı Durumu Kredi için değil Kayıt Tarih Toplam Ödünçverme Son Görülme Tarihi Son Kontrol Tarihi Genel / Bağış Notu
Book Prof. Dr. Azmi Özcan Kütüphanesi Prof. Dr. Azmi Özcan Kütüphanesi Birûni Salonu Library of Congress Classification Bağış TIP Tıp (Genel) R820.A6 K34 1997 0006050 13/08/2010         03/06/2009 1 07/05/2025 07/05/2025 Genel Bağış